MARC

LEADER 00000nam0a2200000 4500
001 264481
005 20251220071621.0
035 |a (RuTPU)RU\TPU\book\287473 
090 |a 264481 
100 |a 20140619d1988 m y0rusy50 ca 
101 0 |a rus 
102 |a RU 
105 |a a j 001zy 
200 1 |a Элементы теории систем: формальные модели  |e учебное пособие  |f Ю. А. Абрамов 
210 |a Калинин  |c Изд-во КГУ  |d 1988 
215 |a 103 с.  |c ил. 
320 |a Библиогр.: с. 101. 
606 1 |a Системы  |x Моделирование  |2 stltpush  |3 (RuTPU)RU\TPU\subj\67446  |9 83239 
610 1 |a формальные модели 
610 1 |a математическое описание 
610 1 |a дискретные системы 
610 1 |a линейные системы 
610 1 |a канонические системы 
610 1 |a построение 
610 1 |a категории 
610 1 |a теория 
675 |a 681.51.015.26(075.8)  |v 3 
700 1 |a Абрамов  |b Ю. А.  |g Юлий Алексеевич 
712 0 2 |7 ca  |8 rus  |a Калининский государственный университет  |c 1971-1990  |2 stltpush  |3 (RuTPU)RU\TPU\col\6821  |9 24273 
801 1 |a RU  |b 63413507  |c 20140619 
801 2 |a RU  |b 63413507  |c 20150522  |g RCR 
942 |c BK